00612nam a2200193Ia 4500952013300000999001700133003000400150005001700154008004100171020001800212040000900230082001800239100002200257245003900279260003700318300000900355650001200364942004200376 00102ddc40708ZOOLOGYaMESbMEScZOOd2019-02-20g450.00l0o660.65 RAM/Ap36123r2019-02-20 00:00:00w2019-02-20yBKzGL19R3 c37483d37483OSt20201001143113.0190216s9999||||xx |||||||||||||| ||und|| a9788180940422 coclc a660.65bRAM/A aRamadass, P93991 0aAnimal Biotechnology /cP Ramadass bMjp Publishers,c2008.aChennai: a589p aZoology cBK2ddch660.65iRAM/Ak660.65mRAM/A